<?xml version="1.0" encoding="UTF-8"?>
<record
    xmlns:xsi="http://www.w3.org/2001/XMLSchema-instance"
    xsi:schemaLocation="http://www.loc.gov/MARC21/slim http://www.loc.gov/standards/marcxml/schema/MARC21slim.xsd"
    xmlns="http://www.loc.gov/MARC21/slim">

  <leader>02094nas a2200265 454500</leader>
  <controlfield tag="001">29921</controlfield>
  <controlfield tag="005">20260407193508.0</controlfield>
  <controlfield tag="008">260407s2014####ag###########|||spa#d</controlfield>
  <controlfield tag="003">AR-UNSa-BCEJYS</controlfield>
  <datafield tag="040" ind1=" " ind2=" ">
    <subfield code="a">AR-UNSa-BCEJYS</subfield>
    <subfield code="b">spa</subfield>
    <subfield code="c">AR-UNSa-BCEJYS</subfield>
  </datafield>
  <datafield tag="080" ind1=" " ind2=" ">
    <subfield code="a">347.9</subfield>
    <subfield code="x">Derecho procesal. Procedimiento judicial. Organizaci&#xF3;n y personal al servicio de la administraci&#xF3;n de justicia</subfield>
  </datafield>
  <datafield tag="245" ind1="1" ind2="0">
    <subfield code="a">Cuadernos de la Escuela del Servicio de Justicia</subfield>
    <subfield code="p">publicaci&#xF3;n de la especializaci&#xF3;n en magistratura ESJ-UNLaM</subfield>
  </datafield>
  <datafield tag="022" ind1=" " ind2=" ">
    <subfield code="a">2362-4442</subfield>
  </datafield>
  <datafield tag="264" ind1=" " ind2="1">
    <subfield code="a">Buenos Aires :</subfield>
    <subfield code="b">Ministerio de Justicia y Derechos Humanos de la Naci&#xF3;n</subfield>
    <subfield code="c">2014</subfield>
  </datafield>
  <datafield tag="310" ind1=" " ind2=" ">
    <subfield code="a">Frecuencia: Anual</subfield>
  </datafield>
  <datafield tag="505" ind1=" " ind2=" ">
    <subfield code="a">La Revista de Cuadernos de la Escuela del Servicio de Justicia es una publicaci&#xF3;n semestral de Ediciones Infojus, con el sello editorial del Ministerio de Justicia y Derechos Humanos de la Naci&#xF3;n, que re&#xFA;ne art&#xED;culos acad&#xE9;micos de prestigiosos autores desarrollados en el marco de la Especializaci&#xF3;n en Magistratura que dicta la Escuela del Servicio de Justicia en conjunto con la Universidad de La Matanza.

La revista est&#xE1; destinada a ampliar el horizonte del debate jur&#xED;dico, con el prop&#xF3;sito de gestar desde el &#xE1;mbito p&#xFA;blico un espacio que favorezca la discusi&#xF3;n doctrinaria y la difusi&#xF3;n de nuevas ideas.

En cada n&#xFA;mero se abordar&#xE1;n trabajos de investigaci&#xF3;n por parte de alumnos y profesores que estudian en profundidad el fen&#xF3;meno de la administraci&#xF3;n de justicia, desde una mirada cr&#xED;tica y novedosa, constituyendo una propuesta plural, y con criterio federal,  que acercar&#xE1; a la comunidad en general y a la comunidad jur&#xED;dica en particular la posibilidad de acceder a voces y discursos novedosos para la pr&#xE1;ctica judicial.</subfield>
  </datafield>
  <datafield tag="041" ind1=" " ind2=" ">
    <subfield code="a">spa</subfield>
  </datafield>
  <datafield tag="942" ind1=" " ind2=" ">
    <subfield code="c">SER</subfield>
  </datafield>
  <datafield tag="590" ind1=" " ind2=" ">
    <subfield code="a">niveau_biblio:s niveau_hierar:1</subfield>
  </datafield>
  <datafield tag="100" ind1="1" ind2=" ">
    <subfield code="a">Ruiz, Alicia E.C.</subfield>
  </datafield>
  <datafield tag="650" ind1=" " ind2=" ">
    <subfield code="a">Administraci&#xF3;n de justicia</subfield>
  </datafield>
  <datafield tag="650" ind1=" " ind2=" ">
    <subfield code="a">Derecho</subfield>
  </datafield>
  <datafield tag="650" ind1=" " ind2=" ">
    <subfield code="a">DOCTRINA</subfield>
  </datafield>
  <datafield tag="856" ind1="4" ind2="1">
    <subfield code="u">https://biblioeco.unsa.edu.ar/pmb/images/revistas/Cuardenos de la Escuela del Servicio de Justicia-r14482.jpg</subfield>
    <subfield code="y">Imagen de portada</subfield>
    <subfield code="q">image/jpeg</subfield>
  </datafield>
  <datafield tag="999" ind1=" " ind2=" ">
    <subfield code="c">8682</subfield>
    <subfield code="d">8682</subfield>
  </datafield>
  <datafield tag="952" ind1=" " ind2=" ">
    <subfield code="0">0</subfield>
    <subfield code="1">0</subfield>
    <subfield code="4">0</subfield>
    <subfield code="7">0</subfield>
    <subfield code="a">BCEJYS</subfield>
    <subfield code="b">BCEJYS</subfield>
    <subfield code="c">17</subfield>
    <subfield code="d">2014-09-01</subfield>
    <subfield code="h">N&#xBA; 1 - sep. 2014</subfield>
    <subfield code="l">0</subfield>
    <subfield code="o">H347.9 CUA 1</subfield>
    <subfield code="p">R14482</subfield>
    <subfield code="r">2026-04-10 16:08:52</subfield>
    <subfield code="w">2026-04-10</subfield>
    <subfield code="y">RN</subfield>
  </datafield>
</record>
